| 000 | 00897nam a2200253Ia 4500 | ||
|---|---|---|---|
| 003 | OSt | ||
| 005 | 20220927102959.0 | ||
| 006 | a|||||r|||| 00| 0 | ||
| 007 | ta | ||
| 008 | 220926b |||||||| |||| 00| 0 eng d | ||
| 024 | _a40131 | ||
| 037 | _cReference Collections | ||
| 040 |
_aRTL _cRTL _beng |
||
| 041 |
_2eng _aeng |
||
| 082 | _a"X.8h,N49, L7/GD" | ||
| 110 |
_a"Australia, Commonwealth Scientific and Industrial Research Organisation" _9352459 |
||
| 245 | 0 | _aAnnual report (28th) | |
| 260 |
_aCanberra _bGovt Press _c1977 |
||
| 490 |
_v1975-76 (75p) _a"Parliament of the Commonwealth of Australia, Parliamentary Paper. 278" |
||
| 650 |
_aEconomic Conditions Latin America _9352460 |
||
| 700 |
_a"Australia, Commonwealth Scientific and Industrial Research Organisation" _9352461 |
||
| 942 |
_h"X.8h,N49, L7/GD" _cCC |
||
| 999 |
_c680092 _d680092 |
||